[Event "GER-ch53 V11 email"]
[Site "GER email"]
[Date "2021.04.21"]
[Round "?"]
[White "Ries, Berthold"]
[Black "Bittner, Axel"]
[Result "1/2-1/2"]
[WhiteElo "2110"]
[BlackElo "2092"]
[PlyCount "44"]
[EventDate "2021.04.21"]
[EventType "tourn (corr)"]
[EventRounds "10"]
[EventCountry "GER"]
[SourceTitle "Corr 2024"]
[Source "ChessBase"]
[SourceDate "2023.10.19"]
[SourceVersion "1"]
[SourceVersionDate "2023.10.19"]
[SourceQuality "1"]

1. e4 c5 2. Nf3 Nc6 3. d4 cxd4 4. Nxd4 Nf6 5. Nc3 e5 6. Ndb5 d6 7. Bg5 a6 8. Na3 b5 9. Bxf6 gxf6 10. Nd5 f5 11. c3 Bg7 12. Bd3 Be6 13. 0-0 0-0 14. Qh5 f4 15. Rad1 Kh8 16. Kh1 Rb8 17. Nc2 Qd7 18. Nd4 Nxd4 19. cxd4 Bg4 20. Qh4 Bxd1 21. Nf6 Bxf6 22. Qxf6+ Kg8 1/2-1/2

[Event "GER-chT11-B3 email"]
[Site "GER email"]
[Date "2015.10.15"]
[Round "?.4"]
[White "Boehme, Sebastian"]
[Black "Bittner, Axel"]
[Result "1/2-1/2"]
[WhiteElo "2350"]
[BlackElo "2312"]
[PlyCount "53"]
[EventDate "2015.??.??"]
[EventType "tourn (corr)"]
[EventRounds "8"]
[EventCountry "GER"]
[SourceTitle "Corr 2017"]
[Source "ChessBase"]
[SourceDate "2017.09.19"]
[SourceVersion "1"]
[SourceVersionDate "2017.09.19"]
[SourceQuality "1"]
[WhiteTeam "Eintracht Langenbek"]
[BlackTeam "Agon Neumuenster"]

1. e4 e5 2. Bc4 Nf6 3. d3 Nc6 4. Nf3 Bc5 5. c3 0-0 6. 0-0 d5 7. exd5 Nxd5 8. Re1 Bg4 9. h3 Bh5 10. Nbd2 Nb6 11. b4 Be7 12. Qe2 Nxc4 13. Nxc4 Bf6 14. b5 Nb4 15. cxb4 e4 16. Bg5 exf3 17. Bxf6 fxe2 18. Bxd8 Raxd8 19. Na5 Rxd3 20. f3 b6 21. Nc6 Re8 22. a4 f6 23. Kf2 Rb3 24. Rac1 Kf8 25. Rxe2 Rxe2+ 26. Kxe2 Be8 27. Rc4 1/2-1/2

[Event "GER Cup18 final email"]
[Site "GER email"]
[Date "2014.07.22"]
[Round "?"]
[White "Ulbig, Stefan"]
[Black "Bittner, Axel"]
[Result "1/2-1/2"]
[WhiteElo "2191"]
[BlackElo "2080"]
[PlyCount "73"]
[EventDate "2014.07.28"]
[EventType "tourn (corr)"]
[EventRounds "6"]
[EventCountry "GER"]
[SourceTitle "Corr 2020"]
[Source "ChessBase"]
[SourceDate "2019.09.30"]
[SourceVersion "1"]
[SourceVersionDate "2019.09.30"]
[SourceQuality "1"]

1. Nf3 Nf6 2. g3 d5 3. Bg2 c5 4. 0-0 e6 5. d4 b5 6. a4 b4 7. c4 Bb7 8. Nbd2 Be7 9. dxc5 0-0 10. Nd4 Bxc5 11. N2b3 Be7 12. cxd5 Bxd5 13. Bf4 Qd7 14. Rc1 Bxg2 15. Kxg2 Qxa4 16. e4 Qa6 17. f3 Rc8 18. Rxc8+ Qxc8 19. Qd3 a6 20. Rc1 Qe8 21. Na5 Bf8 22. Ndb3 Nbd7 23. h4 h6 24. Bd6 Bxd6 25. Qxd6 Qb8 26. Qxb8+ Rxb8 27. Kf2 Kf8 28. Nd4 Ne8 29. Ke3 e5 30. Ndb3 Nd6 31. Rc6 Rb6 32. Kd3 Rxc6 33. Nxc6 f5 34. Nxb4 fxe4+ 35. fxe4 a5 36. Na6 Nb7 37. Kc4 1/2-1/2